| 000 | 00903nam a22001817a 4500 | ||
|---|---|---|---|
| 999 |
_c63569 _d63569 |
||
| 003 | Ge_BSU | ||
| 005 | 20251103152026.0 | ||
| 008 | 251103s1974 ge ||||| |||| 00| 0 geo d | ||
| 041 | _ageo | ||
| 080 | _a338.43 : 634 ბ-13 | ||
| 100 |
_aბაბილოძე, კ. _91866 |
||
| 245 |
_aმეხილეობის ეკონომიკის საკითხები : _bწიგნი პირველი / _c კ. ბაბილოძე; საქ. სსრრ. მეცნიერებათა აკადემია.ბათუმის სამეც-კვლევ. ინ-ტი. |
||
| 264 |
_aთბილისი : _bმეცნიერება, _c1974. |
||
| 300 |
_a220 გვ.; _b23 სმ. |
||
| 653 | _a მეხილეობის ეკონომიკა | ||
| 653 | _aმეხილეობა ჭარაში | ||
| 942 |
_2udc _cᲬᲘᲒᲜᲘ |
||